Clinical surgery / (Record no. 1427)

MARC details
000 -LEADER
fixed length control field 00968cam a22002774a 4500
001 - CONTROL NUMBER
control field 3523885
003 - CONTROL NUMBER IDENTIFIER
control field OSt
005 - DATE AND TIME OF LATEST TRANSACTION
control field 20150414134644.0
008 - FIXED-LENGTH DATA ELEMENTS--GENERAL INFORMATION
fixed length control field 960313s1996 enk b 001 0 eng c
010 ## - LIBRARY OF CONGRESS CONTROL NUMBER
LC control number 96013646
020 ## - INTERNATIONAL STANDARD BOOK NUMBER
International Standard Book Number 0632031468
040 ## - CATALOGING SOURCE
Original cataloging agency DNLM/DLC
Transcribing agency DLC
Modifying agency DLC
050 00 - LIBRARY OF CONGRESS CALL NUMBER
Classification number RD31
Item number .C643 1996
060 10 - NATIONAL LIBRARY OF MEDICINE CALL NUMBER
Classification number WO 500 C641 1996
082 00 - DEWEY DECIMAL CLASSIFICATION NUMBER
Classification number WO 500 C615c 1996
Edition number 20
245 00 - TITLE STATEMENT
Title Clinical surgery /
Statement of responsibility, etc. [edited by] Alfred Cuschieri ... [et al.].
260 ## - PUBLICATION, DISTRIBUTION, ETC. (IMPRINT)
Place of publication, distribution, etc. Oxford ;
-- Cambridge, Mass. :
Name of publisher, distributor, etc. Blackwell Science,
Date of publication, distribution, etc. 1996.
300 ## - PHYSICAL DESCRIPTION
Extent 596 p. :
Other physical details ill. ; 28 cm.
504 ## - BIBLIOGRAPHY, ETC. NOTE
Bibliography, etc Includes bibliographical references and index.
650 #0 - SUBJECT ADDED ENTRY--TOPICAL TERM
Topical term or geographic name as entry element Surgery.
9 (RLIN) 323
650 12 - SUBJECT ADDED ENTRY--TOPICAL TERM
Topical term or geographic name as entry element Surgery, Operative.
9 (RLIN) 3764
700 1# - ADDED ENTRY--PERSONAL NAME
Personal name Cuschieri, A.
Fuller form of name (Alfred)
9 (RLIN) 3765
906 ## - LOCAL DATA ELEMENT F, LDF (RLIN)
a 7
b cbc
c orignew
d 1
e ocip
f 19
g y-gencatlg
942 ## - ADDED ENTRY ELEMENTS (KOHA)
Source of classification or shelving scheme Other/Generic Classification Scheme
Koha item type Short Loan
Holdings
Withdrawn status Lost status Source of classification or shelving scheme Damaged status Not for loan Home library Current library Date acquired Source of acquisition Inventory number Total Checkouts Full call number Barcode Date last seen Price effective from Koha item type
    Other/Generic Classification Scheme     MUST Main Library MUST Main Library 14/04/2015   2000/14792   WO 500 C615c 1996 2015-0932 14/04/2015 14/04/2015 Short Loan